Score 0/30 Timer 04:00
9 Plays Today
Trivia Question Answer % Correct
Which of the noble gases is the lightest and is used to fill kids' balloons?helium
97.9%
What Biblical prophet was given the 10 Commandments and parted the Red Sea?Moses
95%
What country has been led by Jawaharlal Nehru and Indira Gandhi?India
91.6%
What is the term for a baby kangaroo?joey
83.1%
What DC comics hero is the alter ego of Bruce Wayne?Batman
81%
What unit of currency used to be used in France but is still used in Switzerland?Franc
79.6%
In the game of Risk, which continent's control gives you the most bonus armies?Asia
79.2%
What HBO TV show has characters named Arya, Tyrion, Jorah, and Theon?Game of Thrones
77.1%
What is the capital of Portugal?Lisbon
76.3%
What is the name of the white whale who plagues Captain Ahab in literature?Moby Dick
75.5%
What is the more common name for the mandible bone?jaw
74.1%
What article of clothing is 'chaussure' in French, 'zapato' in Spanish, and 'Schuh' in German? shoe
74%
What Chicago-based baseball team had the longest World Series losing streak which ended at 108 years in 2016?Cubs
72.9%
What US state does Disney title character Lilo hail from?Hawaii
72.6%
What is the standard unit of mass in the SI or metric system?kilogram
72.5%
Trivia Question Answer % Correct
What plant with spiny-edge evergreen leaves and red berries is a symbol of Christmas?holly
71.6%
What animated series of movies has subtitles such as 'The Meltdown' and 'Continental Drift'?Ice Age
71.4%
What country of the United Kingdom would you find Swansea City playing home games in?Wales
69%
What is the mathematical term for the longest side of a right triangle?hypotenuse
65.1%
What does the T stand for in the NAFTA accord between Mexico, the US, and Canada?trade
56.7%
What constellation, containing Rigel and Betelgeuse, is named for a famed mythic Greek hunter?Orion
56.5%
What is added to orange juice to make a mimosa?champagne
55.6%
What tasty representation is the number 2000 in Roman numerals?MM
46.8%
What city or country was set to host the 2020 Olympics postponed by the COVID-19 pandemic?Tokyo, Japan
42.6%
What Shakespearean play, which served as the basis of '10 Things I Hate About You', features Petrucchio and Katherina?The Taming of the Shrew
39.3%
Name of either of the first two augmented reality phone games created by Niantic.Pokémon Go /Ingress
36.8%
What Hall of Fame Canadian rock trio is known for 'Tom Sawyer' and 'Limelight'?Rush
35.3%
What German composer is best known for his Ring Cycle of 4 operas?Richard Wagner
27.1%
What is the last name shared by the only two US Presidents who were grandfather and grandson?Harrison
25.5%
What comic strip follows a family with children Jason, Paige, and Peter and an iguana named Quincy?FoxTrot
9.7%
Remove Ads.
Support Sporcle.
Get the best of Sporcle when you Go Orange. This ad-free experience offers more features, more stats, and more fun while also helping to support Sporcle. Thank you for becoming a member.

You're not logged in!

Compare scores with friends on all Sporcle quizzes.
OR
Log In

Show Comments

Extras

Top Quizzes Today


Score Distribution

Your Account Isn't Verified!

In order to create a playlist on Sporcle, you need to verify the email address you used during registration. Go to your Sporcle Settings to finish the process.

Report this User

Report this user for behavior that violates our Community Guidelines.

Details: